LIBRARY & INFORMATION CENTRE, KCAET, TAVANUR

ONLINE PUBLIC ACCESS CATALOGUE (OPAC)

Visvavijnanakosham, Vol 8 / (Record no. 3834)

MARC details
000 -LEADER
fixed length control field 00374cam a2200145ua 4500
003 - CONTROL NUMBER IDENTIFIER
control field OSt
008 - FIXED-LENGTH DATA ELEMENTS--GENERAL INFORMATION
fixed length control field 260213b |||||||| |||| 00| 0 eng d
041 ## - LANGUAGE CODE
Language code of text/sound track or separate title mal
082 ## - DEWEY DECIMAL CLASSIFICATION NUMBER
Classification number 039.94812
Item number SAH/VI
245 ## - TITLE STATEMENT
Title Visvavijnanakosham, Vol 8 /
260 ## - PUBLICATION, DISTRIBUTION, ETC. (IMPRINT)
Place of publication Kottayam :
Name of publisher Sahitya Pravarthaka Co-operative Society ,
Year of publication 1971.
300 ## - PHYSICAL DESCRIPTION
Number of Pages 1000 ; .
942 ## - ADDED ENTRY ELEMENTS (KOHA)
Koha item type Books
Holdings
Withdrawn status Lost status Damaged status Home library Current library Date acquired Full call number Accession Number Koha item type
      KAUAET KAUAET 07/04/2012 039.94812 13264 Reference
free website counter